| 000 | 00556cam a2200205ua 4500 | ||
|---|---|---|---|
| 001 | 8282 | ||
| 008 | 150127n ii |||gr||||Z||||||asm | ||
| 040 | _cMAIN | ||
| 041 | _aasm | ||
| 082 | _a891.4514 | ||
| 100 |
_aKonwar, Arpana, _eEditor. |
||
| 245 | 0 |
_aAsamiya gadya-cayanika _ced by Arpana Konwar |
|
| 250 | _a3rd. | ||
| 260 |
_aDibrugarh University: _bNava Kumar Handique, _c2008. |
||
| 300 | _a245p. | ||
| 653 | _aEast Indo-European & Celtic literatures | ||
| 653 | _aAssamese literateure | ||
| 700 |
_aBora, Jayanta Kumar, _eEditor. |
||
| 942 | _cBK | ||
| 999 |
_c7397 _d7397 |
||